000 00796nam a22002177i 4500
999 _c22995
_d22995
003 AR-CdUCM
008 240822b20212021 pe||||| |||| 00| 0 spa d
020 _a978-612-00-6537-2
040 _aMUNICIPALIDAD PROVINCIAL DEL CUSCO
_cBIBLIOTECA MUNICIPAL DEL CUSCO
082 _a001.42 / A18D
_bA18D
100 _aAceituno Huacani, Carlos
_949619
245 _aDiscusión de Resultados /
260 _aCusco :
_c2021
300 _a89 páginas. :
_c24 cm
505 _aEstado del arte -- Estructura de la discusión -- Limitaciones y fortalezas -- Implicaciones, perspectivas y recomendaciones
650 _aMetodología de la investigación
_95165
700 _aAlosilla Robles, Washington
_912710
700 _aMoscoso Paricoto, Isela
_950227
942 _2ddc
_cLIBROS
945 _apbj
_d2024-08-22